Managerial accounting principles / (Record no. 359)

000 -LEADER
fixed length control field 00668nam a22002297a 4500
003 - CONTROL NUMBER IDENTIFIER
control field OSt
005 - DATE AND TIME OF LATEST TRANSACTION
control field 20140116120825.0
008 - FIXED-LENGTH DATA ELEMENTS--GENERAL INFORMATION
fixed length control field 111018t xxu||||| |||| 00| 0 eng d
020 ## - INTERNATIONAL STANDARD BOOK NUMBER
International Standard Book Number 9780538742993
040 ## - CATALOGING SOURCE
Transcribing agency DLC
050 ## - LIBRARY OF CONGRESS CALL NUMBER
Classification number HF5657.4.N44 2011
100 ## - MAIN ENTRY--PERSONAL NAME
Personal name Needles, Belverd E.
245 ## - TITLE STATEMENT
Title Managerial accounting principles /
Statement of responsibility, etc Belverd E. Needles and Susan V. Crosson
250 ## - EDITION STATEMENT
Edition statement 9th ed.
260 ## - PUBLICATION, DISTRIBUTION, ETC. (IMPRINT)
Place of publication, distribution, etc Australia :
Name of publisher, distributor, etc South-Western Cengage Learning ,
Date of publication, distribution, etc 2011 .
300 ## - PHYSICAL DESCRIPTION
Extent xxx, 606 p. :
Other physical details ill. (some col.) .
500 ## - GENERAL NOTE
General note Includes index
650 ## - SUBJECT ADDED ENTRY--TOPICAL TERM
Topical term or geographic name as entry element Managerial accounting
650 ## - SUBJECT ADDED ENTRY--TOPICAL TERM
Topical term or geographic name as entry element Costing
700 ## - ADDED ENTRY--PERSONAL NAME
Personal name Crosson, Susan V.
942 ## - ADDED ENTRY ELEMENTS (KOHA)
Source of classification or shelving scheme
Koha item type Book
Holdings
Withdrawn status Lost status Source of classification or shelving scheme Damaged status Not for loan Home library Current library Shelving location Date acquired Source of acquisition Total Checkouts Full call number Barcode Date last seen Date checked out Copy number Price effective from Koha item type
          Riara University Library Riara University Library General stack 18/10/2011 Purchase 4 HF5657.4.N44 2011 2112/11 15/08/2015 08/08/2015 C.1 18/10/2011 Book
          Riara University Library Riara University Library General stack 18/10/2011 Purchase 5 HF5657.4.N44 2011 2110/11 04/12/2014 02/12/2014 C.2 18/10/2011 Book
          Riara University Library Riara University Library General stack 18/10/2011 Purchase 3 HF5657.4.N44 2011 2111/11 07/09/2016 06/07/2016 C.3 18/10/2011 Book

Riara University Library,
P.O. Box 49940-00100,
Nairobi, Kenya.